=LDR 00000nam 2200000 4500 =001 INLIS000000000019097 =005 20130612114211 =008 ***********************************Ind** =035 ##$$0010-061300000019097 =041 ##$$a Ind =082 ##$$a 828.83 =090 ##$$a 828.83, Sno m =100 ##$$a Snow, Charles =245 ##$$a Murder in the mesquite, Clarles H. Snono =260 ##$$a 1955 $b London =300 ##$$a 203 hlm, 32 cm =650 ##$$a Kesusastraan Inggris =850 ##$$a NBPNMAT